Algebra lineal y geometría

Saved in:
Bibliografiske detaljer
Hovedforfatter: Aburto Hageman, Luisa Amada (autora)
Andre forfattere: Johnson Herrera, Roberto (autor)
Format: Bog
Sprog:spansk
Udgivet: Valparaíso Universidad Católica de Valparaíso 2000
Fag:
Tags: Tilføj Tag
Ingen Tags, Vær først til at tagge denne postø!

MARC

LEADER 00000nam a2200000 a 4500
001 UCO3866
003 CL-VaPUC
008 000728e20000000CL |||||||||||||||||spa|d
082 0 4 |a 512.5  |b ABU  |2 21 
100 |a Aburto Hageman, Luisa Amada  |e autora  |9 757639 
700 |a Johnson Herrera, Roberto  |e autor  |9 20 
245 1 0 |a Algebra lineal y geometría 
300 |a 118 p 
942 |c BK 
945 |d 20000728 00:00:00  |a vberengu 
260 |a Valparaíso  |b Universidad Católica de Valparaíso  |c 2000 
650 0 |a Álgebra  |9 259567 
650 0 |a Espacios vectoriales   |9 21 
650 0 |a Estructuras  |9 271908 
650 7 |a GEOMETRIA LINEAL  |2 CL-VaPUC  |9 368438 
650 0 |a Matrices   |9 22 
650 0 |a Números complejos  |9 270335 
650 0 |a Sistemas de ecuaciones  |9 445671 
583 |a last modification  |c 20170109 02:23:34  |k Rodrigo Vera 
999 |c 289992  |d 289990 
952 |0 0  |1 0  |4 0  |6 512_500000000000000_ABU_2000  |7 0  |8 A  |9 339040  |a BIBMAT  |b BIBMAT  |d 2019-11-20  |i 3636801  |o 512.5 ABU 2000  |p 3636801  |r 2025-01-07  |w 2019-11-20  |y BK  |k MAT 
952 |0 0  |1 0  |4 0  |6 512_500000000000000_ABU_2000  |7 0  |8 A  |9 339041  |a BIBMAT  |b BIBMAT  |d 2019-11-20  |i 363681K  |o 512.5 ABU 2000  |p 363681K  |r 2025-01-07  |w 2019-11-20  |y BK  |k MAT 
952 |0 0  |1 0  |4 0  |6 512_500000000000000_ABU_2000  |7 0  |8 A  |9 339042  |a BIBMAT  |b BIBMAT  |d 2019-11-20  |i 3636828  |o 512.5 ABU 2000  |p 3636828  |r 2025-01-07  |w 2019-11-20  |y BK  |k MAT 
952 |0 0  |1 0  |4 0  |6 512_500000000000000_ABU_2000  |7 0  |8 A  |9 339043  |a BIBMAT  |b BIBMAT  |d 2019-11-20  |i 3636836  |o 512.5 ABU 2000  |p 3636836  |r 2025-01-07  |w 2019-11-20  |y BK  |k MAT 
952 |0 0  |1 0  |4 0  |6 512_500000000000000_ABU_2000  |7 0  |8 A  |9 339044  |a BIBMAT  |b BIBMAT  |d 2019-11-20  |i 3636844  |o 512.5 ABU 2000  |p 3636844  |r 2025-01-07  |w 2019-11-20  |y BK  |k MAT 
952 |0 0  |1 0  |4 0  |6 512_500000000000000_ABU_2000  |7 0  |8 A  |9 339045  |a BIBMAT  |b BIBMAT  |d 2019-11-20  |i 3636852  |l 2  |m 8  |o 512.5 ABU 2000  |p 3636852  |r 2025-01-07  |s 2024-04-02  |w 2019-11-20  |y BK  |k MAT 
952 |0 0  |1 0  |4 0  |6 512_500000000000000_ABU_2000  |7 0  |8 A  |9 339046  |a BIBMAT  |b BIBMAT  |d 2019-11-20  |i 3636860  |o 512.5 ABU 2000  |p 3636860  |r 2025-01-07  |w 2019-11-20  |y BK  |k MAT 
952 |0 0  |1 0  |4 0  |6 512_500000000000000_ABU_2000  |7 0  |8 A  |9 339047  |a BIBMAT  |b BIBMAT  |d 2019-11-20  |i 3636879  |l 1  |m 1  |o 512.5 ABU 2000  |p 3636879  |r 2025-01-07  |s 2023-05-08  |w 2019-11-20  |y BK  |k MAT 
952 |0 0  |1 0  |4 0  |6 512_500000000000000_ABU_2000  |7 0  |8 A  |9 339048  |a BIBMAT  |b BIBMAT  |d 2019-11-20  |i 3636887  |o 512.5 ABU 2000  |p 3636887  |r 2025-01-07  |w 2019-11-20  |y BK  |k MAT 
952 |0 0  |1 0  |4 0  |6 512_500000000000000_ABU_2000  |7 0  |8 A  |9 339049  |a BIBMAT  |b BIBMAT  |d 2019-11-20  |i 3636895  |o 512.5 ABU 2000  |p 3636895  |r 2025-01-07  |w 2019-11-20  |y BK  |k MAT 
952 |0 0  |1 0  |4 0  |6 512_500000000000000_ABU_2000  |7 0  |8 R  |9 339050  |a BIBARQ  |b BIBARQ  |d 2019-11-20  |i 3931064  |l 1  |o 512.5 ABU 2000  |p 3931064  |r 2025-01-20  |s 2024-03-19  |w 2019-11-20  |y BK_R  |k ARQ 
952 |0 0  |1 0  |4 0  |6 512_500000000000000_ABU_2000  |7 0  |8 R  |9 339051  |a BIBARQ  |b BIBARQ  |d 2019-11-20  |i 3931072  |o 512.5 ABU 2000  |p 3931072  |r 2025-01-20  |w 2019-11-20  |y BK_R  |k ARQ 
952 |0 0  |1 0  |4 0  |6 512_500000000000000_ABU_2000  |7 0  |8 R  |9 339052  |a BIBARQ  |b BIBARQ  |d 2019-11-20  |i 3931080  |o 512.5 ABU 2000  |p 3931080  |r 2025-01-20  |w 2019-11-20  |y BK_R  |k ARQ